00575nam a22002297a 4500003000200000005001700002008000200019010001300021020001000034035001300044037001600057040001500073082001700088100001900105245004700124260004300171270004900214300002000263500002000283650001800303650002400321020180723165909.00 aB-216624 c00.00 aB-216624 bCen Lib/Ret aDPLbENc0 a346.006bAGA aAggarwal, S. K aIndian corporate laws /cby S. K. Aggarwal bNew DelhiaGalgotia Publicationsc2006 bNew Delhia5, Ansari Road, Daryaganje110002 a519p.c23cm(Hb) aIncludes index  aCorporate law aIndia-Corporate law